000 01162nam0a2200361 4500
001 RU\NLR\bibl\248159
005 20260405133253.0
010 _a5-7020-1171-6
_97000
021 _aRU
_b2001-55908
_92721
035 _a(NLR Aleph) 000243990
090 _a1422508
_c1422508
100 _a20020320d2001 |||y0rusy50 ca
101 0 _arus
102 _aRU
105 _ay |||||||||
200 1 _aАмазонка
_e[Роман]
_fОлег Суворов
210 _aМ.
_cНовости
_d2001
215 _a156, [1] с.
_d17
225 1 _aСчастливый случай
610 0 _aЛюбовь (х. л.)
675 _a821.161.1-31Суворов
_v3
_zrus
686 _a17.82
_2rugasnti
686 _a84(2Рос=Рус)6-44
_2rubbk
686 _aШ6(2=Р)75-440.4
700 1 _4070
_8rus
_7ca
_aСуворов
_bО. В.
_cписатель, канд. филос. наук
_f1959-
_gОлег Валентинович
_3RU\NLR\AUTH\7753987
_936919
801 0 _aRU
_bRKP
_c20020320
_gPSBO
801 1 _aRU
_bRKP
_c20020320
801 2 _aRU
_bNLR
_c20070705
_grcr
942 _cBOOK
980 _aNB